| 000 | 00785nam a2200301Ia 4500 | ||
|---|---|---|---|
| 008 | 160803s9999 xx 000 0 und d | ||
| 020 | _a0 545274443 | ||
| 100 | _aKrulik, Nancy E. | ||
| 245 | _aTip-top tappin' mom! / | ||
| 245 | _cby Nancy Krulik ; illustrated by John & Wendy. | ||
| 260 | _aNew York : | ||
| 260 | _bScholastic Inc. | ||
| 260 | _c2009 | ||
| 300 | _a74 pages : | ||
| 300 | _billustrations ; | ||
| 300 | _c20 cm. | ||
| 650 | _aAuditions -- | ||
| 650 | _aMagic -- | ||
| 650 | _aMothers and daughters -- | ||
| 650 | _aSchools -- | ||
| 650 | _aTap dancing -- | ||
| 650 | _xJuvenile fiction. | ||
| 650 | _xJuvenile fiction. | ||
| 650 | _xJuvenile fiction. | ||
| 650 | _xJuvenile fiction. | ||
| 650 | _xJuvenile fiction. | ||
| 700 | _a530 | ||
| 999 |
_c299787 _d299787 |
||